| 000 | 00839cam a22002412 4500 | ||
|---|---|---|---|
| 001 | 0000001818 | ||
| 005 | 20151217151830.0 | ||
| 008 | 070327s xx 000 0 eng d | ||
| 020 | _a0803989458 : | ||
| 040 |
_aKABU _cKABU |
||
| 050 | 0 |
_aHD58.8 _b.C53 1995 |
|
| 100 | 1 |
_aClark, Jon. _@0000150844 |
|
| 245 | 1 | 0 |
_aManaging innovation and change : _bpeople, technology and strategy / _cJon Clark. |
| 260 |
_aLondon : _bSage Publications, _c1995. |
||
| 300 |
_axvi, 260 p. ; _c24 cm. |
||
| 650 | 0 |
_aOrganizational change _xManagement. _@0000150843 |
|
| 650 | 0 |
_aTechnological innovations _xManagement. _@0000150793 |
|
| 650 | 0 |
_aStrategic planning. _@0000150576 |
|
| 852 | 1 | _9p2835 KES | |
| 852 | 1 | _9p2710.87 KES | |
| 908 | _a070327 | ||
| 950 | _@1 | ||
| 999 |
_c5470 _d5470 |
||